Николай Николаевич Зинин

Detalles Bibliográficos
Autor principal: Меншуткин Б. Н. Борис Николаевич
Sumario:В книге рассказывается о жизненном пути и научной деятельности Николая Николаевича Зинина (1812—1880) — одного из создателей русской школы органической химии, первого президента Русского физико-химического общества. Автор книги Б. Н. Меншуткин — известный ученый-химик и популяризатор науки, прекрасно владевший словом. Для всех интересующихся историей науки и биографиями русских ученых.
Lenguaje:ruso
Publicado: Москва, Вузовская книга, 2010
Colección:Библиотека "Вузовской книги". Биографическая серия
Materias:
Formato: Libro
KOHA link:https://koha.lib.tpu.ru/cgi-bin/koha/opac-detail.pl?biblionumber=215360

MARC

LEADER 00000nam0a2200000 4500
001 215360
005 20231101225948.0
010 |a 9785950204760 
035 |a (RuTPU)RU\TPU\book\235264 
090 |a 215360 
100 |a 20120510d2010 m y0rusy50 ca 
101 0 |a rus 
102 |a RU 
105 |a ac z 001zb 
200 1 |a Николай Николаевич Зинин  |f Б. Н. Меншуткин 
210 |a Москва  |c Вузовская книга  |d 2010 
215 |a 89 с.  |c ил. 
225 1 |a Библиотека "Вузовской книги". Биографическая серия 
320 |a Именной указатель: с. 85-87. 
330 |a В книге рассказывается о жизненном пути и научной деятельности Николая Николаевича Зинина (1812—1880) — одного из создателей русской школы органической химии, первого президента Русского физико-химического общества. Автор книги Б. Н. Меншуткин — известный ученый-химик и популяризатор науки, прекрасно владевший словом. Для всех интересующихся историей науки и биографиями русских ученых. 
600 1 |a Зинин  |b Н. Н.  |c химик-органик  |f 1812-1880  |g Николай Николаевич  |2 stltpush  |3 (RuTPU)RU\TPU\pers\7135  |9 1322 
606 1 |a Химики  |x Персоналии  |2 stltpush  |3 (RuTPU)RU\TPU\subj\69968  |9 84576 
610 1 |a ученые-химики 
610 1 |a Россия 
610 1 |a история 
610 1 |a химическая наука 
610 1 |a органическая химия 
610 1 |a персоналии 
610 1 |a 19 век 
675 |a 54(092)  |v 3 
700 1 |a Меншуткин  |b Б. Н.  |g Борис Николаевич 
801 1 |a RU  |b 63413507  |c 20120510 
801 2 |a RU  |b 63413507  |c 20161202  |g RCR 
942 |c BK 
959 |a 70/20120510  |d 1  |e 166,32  |f ЧЗГЛ:1